Statistics for World Capitals starting with R

Click here to take the quiz!

General Stats

  • This quiz has been taken 50 times
  • The average score is 4 of 6

Answer Stats

Capital% Correct
Rome
85%
Reykjavik
80%
Riyadh
78%
Riga
71%
Rabat
68%
Roseau
66%

Score Distribution

Percentile by Number Answered

Percent of People with Each Score

Your Score History

You have not taken this quiz